00000000nam##2200000za#4500
0019.589834
003CaOODSP
00520210624195833
007cr |||||||||||
008150406|2011||||xxc|||||o    f|0| 0 fre|d
022 |a1919-5044
040 |aCaOODSP|bfre
041 |aeng
041 |afre
043 |an-cn---
0861 |aFs70-5/2011-102-PDF
1101 |aCanada. |bMinistère des pêches et des océans.
24510|aCrevette Néo-écossais 2010-2011 / |h[ressource électronique]|c[par] D. Hardie, M. Covey, M. King, and B. Zisserson.
260 |aDartmouth - Nouvelle-Écosse : |bPêches et Océans Canada |cc2012.
300 |a82p.|bfigures, graphiques, références, tableaux
4901 |aSecrétariat canadien de consultation scientifique, document de recherche|x1919-5044|v2011/102, Région des Maritimes
590 |a14-02-Supp|b2014-01-08
791 |tScotian Shelf Shrimp 2010-2011 / |eeng|w(CaOODSP)9.589833
830#0|aDocument de recherche (Secrétariat canadien de consultation scientifique)|x1919-5044|v2011/102, Région des Maritimes|w(CaOODSP)9.500506
85640|ahttp://publications.gc.ca|qPDF|s4371 Ko|uhttps://publications.gc.ca/collections/collection_2013/mpo-dfo/Fs70-5-2011-102.pdf|y2011/102, Région des Maritimes